| 000 | 00931nam a2200217Ia 4500 | ||
|---|---|---|---|
| 999 |
_c37771 _d37771 |
||
| 001 | 3748 | ||
| 003 | GE_BSU | ||
| 005 | 20190809161144.0 | ||
| 008 | 181216s1960||||ge |||||||||||||| ||geo|| | ||
| 040 | _cGE_BSU | ||
| 041 | _ageo | ||
| 080 | _a016:94(479.283) ა-97 | ||
| 100 |
_aახვლედიანი, ხ. _93485 |
||
| 245 |
_aსამხრეთ საქართველოს ბიბლიოგრაფია / _cვ. გოგოლაძის რედ. და შესავალი წერილით. |
||
| 264 |
_aბათუმი : _bსახელგამი, _c1960. |
||
| 300 |
_a627 გვ. ; _b26 სმ. |
||
| 546 | _aდამატ. თავფურც. რუს. ენ. | ||
| 653 | _aსამხრეთ საქართველო - ბიბლიოგრაფია | ||
| 700 |
_aგოგოლაძე, ვ. _eრედაქტორი _93490 |
||
| 942 |
_cBK _2udc |
||